000 00403nam a2200157Ia 4500
999 _c222
_d222
003 OSt
005 20210908101748.0
008 190216s9999||||xx |||||||||||||| ||und||
040 _coclc
082 _a492.7
_bKIL/N
100 _aNull
245 0 _aAl Nahvul Wadih :
_bPart Three /
260 _bKilal Book House,
300 _a172p
942 _cBK
_2ddc
_h492.7
_iKIL/N
_k492.7
_mKIL/N